000 00684nam a22001937a 4500
999 _c20781
_d20781
003 AR-CdUCM
008 190605b ||||| |||| 00| 0 spa d
040 _aMUNICIPALIDAD PROVINCIAL DEL CUSCO
_cBIBLIOTECA MUNICIPAL DEL CUSCO
041 _hrus
082 _a891.41 /
_bA57
100 _aAndreiev, Leonidas
_916815
245 _aMemorias de un preso /
260 _aMadrid:
_bBiblioteca Nueva,
_c1900.
300 _a238 páginas;
_c20 cm.
505 _aContenido: Memorias de un preso -- La victoria de las tinieblas -- El abismo -- El muro -- En el subsuelo -- La mentira...
650 _aLiteratura Rusa
_910457
700 _aBelsky, N.(traductor)
_943398
942 _2ddc
_cLIBROS